000 00550nam a22001937i 4500
001 3285
003 OSt
005 20170126082316.0
007 tu
008 161220s1996 xxu||||| |||| 00| 0 d
024 7 _a3284
_2RID
040 _cOSt
084 _a11.431
_2z
100 1 _aSchopf, Günter
245 0 0 _aDie Osterweiterung der Europäischen Union aus der Perspektive der Schlußdokumente der Tagungen des Europäischen Rates
260 _aWien :
_bInstitut für den Donauraum und Mitteleuropa (IDM),
_c1996.
300 _a21 S. ;
_c30cm.
651 _aEU
942 _cB
999 _c3238
_d3238